| Tag |
First Indicator |
Second Indicator |
Subfields |
| LEADER |
00000ccm a2200000 a 4500 |
| 001 |
in00001191237 |
| 005 |
20151002064922.0 |
| 007 |
hd afv---baca |
| 008 |
910304s1861 lausga a n eng d |
| 028 |
2 |
2 |
|a 62
|b A.E. Blackmar & Bro.
|
| 028 |
2 |
0 |
|a Bl.62
|b A.E. Blackmar & Bro.
|
| 035 |
|
|
|a (OCoLC)23183412
|
| 035 |
|
|
|9 AGJ9724AM
|
| 040 |
|
|
|a FEI
|c FEI
|d UtOrBLW
|
| 043 |
|
|
|a n-usu--
|a n-us---
|
| 045 |
0 |
|
|b d1861
|
| 048 |
|
|
|a vn01
|a ka01
|
| 049 |
|
|
|a TXAI
|
| 090 |
|
|
|a E487
|b .C66 1974 reel 109 no. 3512
|
| 099 |
|
|
|a Film
|a B 1664
|a reel 109, no. 3512.
|
| 100 |
0 |
|
|a Lady of Richmond, Va.
|
| 245 |
1 |
0 |
|a God will defend the right /
|c written & composed for the piano by a lady of Richmond, Va.
|
| 264 |
|
1 |
|a New Orleans :
|b Published by A.E. Blackmar & Bro.,
|c [1861]
|
| 264 |
|
3 |
|a N.O. [i.e. New Orleans] :
|b W.H. Leeson
|
| 264 |
|
4 |
|c ©1861
|
| 300 |
|
|
|a 1 score (5 pages) ;
|c 30 cm.
|
| 336 |
|
|
|a notated music
|b ntm
|2 rdacontent
|
| 337 |
|
|
|a microform
|b h
|2 rdamedia
|
| 338 |
|
|
|a microfilm reel
|b hd
|2 rdacarrier
|
| 500 |
|
|
|a For voice and piano.
|
| 500 |
|
|
|a Title from cover.
|
| 500 |
|
|
|a Additional pl. number: Bl.62.
|
| 500 |
|
|
|a Filmed from the holdings of the Boston Athenaeum.
|
| 533 |
|
|
|a Microfilm.
|b New Haven, Conn. :
|c Research Publications,
|d [1974].
|e On reel 109 of 143 microfilm reels ; 35 mm.
|f (Confederate imprints, 1861-1865 ; reel 109, no. 3512).
|
| 539 |
|
|
|a s
|b 1974
|d ctu
|e n
|
| 500 |
|
|
|a Microform.
|
| 650 |
|
0 |
|a War songs
|z Confederate States of America.
|
| 650 |
|
0 |
|a Songs with piano.
|
| 651 |
|
0 |
|a Confederate States of America
|x Songs and music.
|
| 651 |
|
0 |
|a United States
|x History
|y Civil War, 1861-1865
|v Songs and music.
|
| 830 |
|
0 |
|a Confederate imprints, 1861-1865 ;
|v reel 109, no. 3512.
|
| 999 |
|
|
|a MARS
|
| 999 |
f |
f |
|s 18297bcf-631e-3d0e-9e3d-db4921b50dd2
|i 9d929ad7-68fe-365c-a5c8-30375a78536c
|t 0
|
| 952 |
f |
f |
|p default
|a Texas A&M University
|b College Station
|c Sterling C. Evans Library
|d Evans: Microforms (3rd floor)
|t 0
|e Film B 1664 reel 109, no. 3512.
|h Other scheme
|i microform -- microfilm reel
|
| 998 |
f |
f |
|a Film B 1664 reel 109, no. 3512.
|t 0
|l Evans: Microforms (3rd floor)
|